| 000 | 01052nam a2200241Ia 4500 | ||
|---|---|---|---|
| 999 |
_c3941 _d3941 |
||
| 003 | OSt | ||
| 005 | 20200615144840.0 | ||
| 008 | 191128s1985 ck a gr 000 j spa d | ||
| 020 | _a9789585906884 | ||
| 040 |
_aCO-JMCR _cCO-JMCR |
||
| 041 | 0 | _aspa | |
| 082 | 0 | 4 |
_aH / _bCHAh |
| 100 | 1 |
_aChalarka G, Ulianov, _eautor _95620 |
|
| 245 | 1 | 0 |
_aHistoria gráfica de la lucha por la tierra en la Costa Atlántica : 1972-1974 / _cUlianov Chalarka G. |
| 250 | _aPrimera edición | ||
| 260 |
_aMontería : _bFundación del Sinú, _c1985 |
||
| 300 |
_a79 páginas : _bilustraciones en blanco y negro ; _c23 cm. |
||
| 490 | 0 | _aDignidad campesina problema agrario en el caribe colombiano | |
| 500 | _aHistoria ilustrada. | ||
| 520 | _aArraigo y resistencia es un esfuerzo por visibilizar las luchas y procesos sociales de campesinas y campesinos organizados en la región Caribe,a partir de la recreación de sus memorias.Esta experiencia esta basada en dos trabajos de investigación del CNMH | ||
| 650 | 1 | 4 |
_aTenencia de la tierra _95621 |
| 942 |
_2ddc _cBK |
||